The most countries on a single longitude - Statistics

General Stats
  • This quiz has been taken 52 times
  • The average score is 24 of 26
Answer Stats
Country % Correct
Greece{}
100%
Chad
96%
Finland
96%
Libya
96%
South Africa
96%
Democratic Republic of Congo
94%
Hungary
94%
Norway
94%
Poland
94%
Russia (the Kaliningrad exclave)
94%
Botswana
92%
Bulgaria
92%
Central African Republic
92%
Estonia
92%
Latvia
92%
Lithuania
92%
Romania
92%
Serbia
92%
Slovakia
92%
Sweden
92%
Ukraine
92%
Zambia
92%
Macedonia
88%
Sudan
88%
Angola
81%
Namibia
81%
No matching quizzes found
Score Distribution
Percent of People with Each Score
Percentile by Number Answered
Your Score History
You have not taken this quiz